| 000 | 00506nam a22001697a 4500 | ||
|---|---|---|---|
| 008 | 230703b |||||||| |||| 00| 0 eng d | ||
| 020 | _a9788126715350 | ||
| 040 |
_aNational Science Library _cNational Science Library |
||
| 080 |
_a82-94PUS _bQ8 |
||
| 100 | _aPushpa, Maitreyi | ||
| 245 | _aगुड़िया भीतर गुड़िया | ||
| 246 | _aGudiya Bhitar Gudiya | ||
| 260 |
_aNew Delhi: _bRajkamal, _c2009 |
||
| 300 | _a352p. | ||
| 650 | _aHindi literature | ||
| 942 |
_2udc _cHBK |
||
| 999 |
_c48948 _d48948 |
||